Quizzes
Events
Quiz Creation
Community
Videos
Private Events
Remove Ads
Sign In
Join for FREE
Feedback
Dark Mode
Quiz Categories
Sports
Geography
Music
Movies
Television
Just For Fun
Miscellaneous
History
Literature
Language
Science
Gaming
Entertainment
Religion
Holiday
For Kids
Quiz Lab
Recent
Popular Today
Quiz Kudos Today
Editor Picks
Curator Picks
Quizzes by...
Day
Popularity
Type
Ratings
Length
Year
Community
Subscriptions
Recent Discussions
Orange Saloon
Badges
Playlists
Quests
Create
Leaderboards
Showdown
Live 5
Trivia Bingo
Activity
Puzzle Library
Sporcle Events
Private Events
Virtual Trivia
Globe League
Become a Host
Pub Owners
SporcleCon
Opinionation
Our Games
Videos
Blog
Mobile Apps
Partnerships
Remove Ads and Go Orange
Feedback
Sports
Athletes
MLB
NBA
NHL
NFL
Soccer
Sports Teams
WWE
NCAA
Football
Premier League
Basketball
Baseball
Hockey
Golf
Tennis
Cricket
Rugby
Auto Racing
Olympics
World Cup
Sports
Athletes
MLB
NBA
NHL
NFL
Soccer
Sports Teams
WWE
NCAA
Football
Premier League
Basketball
Baseball
Hockey
Golf
Tennis
Cricket
Rugby
Auto Racing
Olympics
World Cup
Random Quiz
Search Sporcle
×
Quiz Lab
Quiz Lab
Sports
NCAA Football
Type in answers that appear in a list
Type in answers that appear in a list
Classic
Best Score? Go Orange.
Wisconsin Offensive Line since 2009 Stats
Can you name the Wisconsin Offensive Linemen since 2009
By
jcn92
10m
20 Questions
32 Plays
32 Plays
32 Plays
Comments
Comments
Give Quiz Kudos
Give Quiz Kudos
-
- Ratings
hide this ad
Replay
Link that replays current quiz
Next Quiz
Link to next quiz in quiz playlist
You Got
0%
They Got
Avg Score
51%
Avg Friend Score
Upgrade to see
Score Distribution
Jump to the score distribution portion of the page
Score
0/20
Timer
10:00
0
Plays Today
Year
Player
% Correct
2009
Gabe Carimi
75%
2010
Gabe Carimi
75%
2009
Kevin Zeitler
65.6%
2010
Kevin Zeitler
65.6%
2011
Kevin Zeitler
65.6%
2009
Josh Oglesby
59.4%
2011
Josh Oglesby
59.4%
2009
John Moffit
56.3%
2010
John Moffit
56.3%
2009
Peter Konz
50%
Year
Player
% Correct
2010
Peter Konz
50%
2011
Travis Fredrick
50%
2011
Peter Konz
50%
2012
Travis Fredrick
50%
2012
Rob Havenstein
40.6%
2012
Ryan Groy
37.5%
2010
Ricky Wagner
34.4%
2011
Ricky Wagner
34.4%
2012
Ricky Wagner
34.4%
2012
Kyle Costigan
21.9%
Quiz Playlist
Details
Report
Send in Message
Add To Playlist
Classic:
Type in answers that appear in a list
Last Updated: Feb 16, 2017
Quiz Scoreboard
CHALLENGE
Sign Up to Join the Scoreboard
Show All
Scores
Hide
Comments
May contain spoilers
Recently Published
An Introduction to Baseball
by treessimontrees
Sports
5m
Movies - When Are They Set?
by FPL_Elf
Movies
5m
Popular People in 1961
by mucciniale
History
6m
More to Explore
Quiz From the Vault
Featured Blog Post
Where Did the Easter Bunny Come From?
hide this ad
You Might Also Like...
Tags
Big Ten
NCAA Football
Offensive Lines
Wisconsin Badgers
Today's Top Quizzes in Sports
Browse Sports
hide this ad
Today's Top Quizzes in NCAA Football
Browse NCAA Football
Top Contributed Quizzes in Sports
1
Les meilleurs buteurs des matchs entre le PSG et l’OM
2
2022 World Cup Stars
3
FIFA Club World Cup Champions
4
Les entraîneurs de l'OM et du PSG au 21e siècle
5
Name the Premier League winners with different clubs
6
La finale Lions - Afrique du Sud 2021
7
Les joueurs passés par le LOSC et le RC Lens
8
Criteria MLB: Left Handed Sluggers
9
Players with Multiple 50 Home Run Seasons
10
5-to-1: UK Sports Teams
Explore More
Trending Topics
NBA
Marvel
Disney
Kpop
Harry Potter
Crossword
Anime
NFL
Country
WWE
The Office
Song
Pokémon
Puzzle
Soccer
hide this ad
More By:
jcn92
Quiz
Plays
Rating
Category
Featured
Created
Rivals 100 Top 5
1,343
3.54
Sports
Dec 10, 2009
Top 25 Franchises of the Decade
912
1.54
Sports
Dec 31, 2009
Sporting News Top 50 MLB Players
714
2.00
Sports
Jan 24, 2010
Top 100 College Football Players
665
2.67
Sports
Aug 1, 2014
Not a Heisman Finalist (2000s)
324
4.17
Sports
Jan 18, 2012
Go to Creator's Profile
Score Distribution
Quiz Creator Spotlight
jcn92
Follow
Send a Message
Quizzes Created
-
Created Quiz Play Count
-
More By This Creator
Popular Quizzes Today
1
Find the Countries of Europe - No Outlines Minefield
2
Find the US States - No Outlines Minefield
3
The Countries of the World
4
Popular People in 1961
5
US States
6
Find the US States
7
1-10 Letter E Words III
8
Risky Map Clicking: Biggest States A-Z
More Sports Quizzes
FIFA World Cup 2022 Squads
Quiz Lab
Trending Quizzes
Risky Map Clicking: Least Populous States A-Z
1-10 Letter F Words
1-10 Letter G Words
One Thing in Common: United Kingdom
Risky Map Clicking: Next State Alphabetically
Recently Updated
Leaping Animals
pecheneg
Reality TV Shows (A-Z)
bhenderson79
Rickey Henderson's Hall of Fame Teammates
pecheneg
Champions League XIs: Arsenal
pecheneg
Quick Pick: Celebrities in WWE's Hall of Fame
aduchscher
A-Z Keypad Blitz II
pecheneg
Multiple Oscar Actors
pecheneg
Mystery Phrase Blitz: Oscar 'Best Actors'
pecheneg
F. Scott Fitzgerald Novels
LTH
Pick 3 Villains
ddd62291
Trending Topics
Kpop
Marvel
Anime
Harry Potter
NBA
Crossword
Disney
NFL
Puzzle
Country
Song
Pokémon
WWE
The Office
Soccer
Your Account Isn't Verified!
In order to create a playlist on Sporcle, you need to verify the email address you used during registration. Go to your
Sporcle Settings
to finish the process.
Report this User
Report this user for behavior that violates our
Community Guidelines
.
Details:
Send Report
Go to the Sporcle.com Mobile Site →
Comments